Les transformations du droit (Record no. 166053)

MARC details
000 -LEADER
campo de control de longitud fija 00729nam a2200193 i 4500
001 - NÚMERO DE CONTROL
campo de control 166053
003 - IDENTIFICADOR DE NÚMERO DE CONTROL
campo de control ES-MaACL
005 - FECHA Y HORA DE LA ÚLTIMA TRANSACCIÓN
campo de control 20250724063436.0
008 - DATOS DE LONGITUD FIJA--INFORMACIÓN GENERAL
campo de control de longitud fija 021024s1893 fr |||| | fre d
040 ## - FUENTE DE CATALOGACIÓN
Centro catalogador/agencia de origen CCPB | B
Lengua de catalogación spa
Centro/agencia transcriptor CCPB | B
100 1# - ENTRADA PRINCIPAL--NOMBRE DE PERSONA
Nombre de persona Tarde, Gabriel de,
Fechas asociadas al nombre 1843-1904
9 (RLIN) 133127
245 14 - MENCIÓN DEL TÍTULO
Título Les transformations du droit
Resto del título : étude sociologique /
Mención de responsabilidad, etc. par G. Tarde.
260 ## - PUBLICACIÓN, DISTRIBUCIÓN, ETC.
Lugar de publicación, distribución, etc. Paris :
Nombre del editor, distribuidor, etc. ancienne Librairie Germer Baillière et C\pie\s, Félix Alcan, éditeur,
Fecha de publicación, distribución, etc. 1893.
300 ## - DESCRIPCIÓN FÍSICA
Extensión 212 p. ;
Dimensiones 18 cm.
490 1# - MENCIÓN DE SERIE
Mención de serie Bibliothèque de philosophie contemporaine
830 0# - PUNTO DE ACCESO ADICIONAL DE SERIE-TÍTULO UNIFORME
Título uniforme Bibliothèque de philosophie contemporaine
9 (RLIN) 181027
852 ## - LOCALIZACIÓN
Ubicación ES-MaACL
Número de control de estantería F-11681
Nota libre -- Enc. pasta española
Holdings
Estatus retirado Estado de pérdida Estado de daño No para préstamo Colección Biblioteca de origen Biblioteca actual Ubicación en estantería Fecha de adquisición Fuente de adquisición Total de préstamos Signatura topográfica completa Código de barras Visto por última vez Precio de reemplazo Tipo de ítem Koha
        Libros del s. XIX Biblioteca del Ateneo de Madrid Biblioteca del Ateneo de Madrid Sala Pecera Planta 2 17/01/2008     F-11681 1174146 23/02/2023 23/02/2023 Libro impreso antiguo